000 00770nam a2200253 a 4500
001 BRCA_5579
005 20190320205135.0
008 210211s1920----sp-a######---#000-0#spa-#
041 _aspa
044 _asp
050 4 _aND813.R6
_b.E38 1920
100 1 _aFrances, José
_914229
245 1 0 _aEduardo Rosales
_cJosé FrancesPrólogo de José Francés.
260 _aMadrid
_bTipografía Artística Cervantes
_c1920
300 _a16 p.
_bil., 30 láminas
_c21 cm.
440 0 _aBiblioteca Estrella
_pMonografías de arte
_914230
500 _aIncluye índice de láminas
500 _aEstado físico: camisa maltratada
500 _aF54
600 1 4 _aRosales, Eduardo
_d1836-1873
_914231
650 1 4 _aPintores españoles
_97620
902 _aGFM
942 _2lcc
_cB
999 _c5273
_d5273